Sírne a peroxidové vulkanizačné systémy aplikované pri sieťovaní elastomérnych matríc na báze EPDM a IIR
Uložené v:
| Hlavný autor: | |
|---|---|
| Ďalší autori: | |
| Médium: | Rukopis Kniha |
| Jazyk: | Slovak |
| Vydavateľské údaje: |
2021
|
| Predmet: | |
| On-line prístup: | http://is.stuba.sk/zp/portal_zp.pl?podrobnosti=157634 |
| Tagy: |
Žiadne tagy, Buďte prvý, kto otaguje tento záznam!
|
MARC
| LEADER | 00000ntm a22000003a 4500 | ||
|---|---|---|---|
| 001 | stuzp83651 | ||
| 003 | SK-STU | ||
| 005 | 20210605210400.7 | ||
| 007 | ta | ||
| 008 | 150427s2015----xo-----f-mn---000-0-slo-d | ||
| 040 | |a STU |b slo | ||
| 041 | 0 | |a slo | |
| 100 | 1 | |a Mikolajová, Mária |u 049370 |4 aut |U FCHPT Ústav prírodných a syntetických polymérov |T FCHPT Oddelenie plastov, kaučuku a vlákien |X 86785 |U C9370 |Y 128 |7 86785 | |
| 242 | 0 | 1 | |a Sulfur and peroxide curing systems applied in cross-linking of rubber matrices based on EPDM and IIR |y eng |
| 245 | 1 | 0 | |a Sírne a peroxidové vulkanizačné systémy aplikované pri sieťovaní elastomérnych matríc na báze EPDM a IIR |
| 260 | |c 2021 | ||
| 650 | 4 | |a etylénpropyléndiénový kaučuk |2 slo | |
| 650 | 4 | |a izobutylénizoprénový kaučuk |2 slo | |
| 650 | 4 | |a vulkanizácia |2 slo | |
| 650 | 4 | |a sírne vulkanizačné systémy |2 slo | |
| 650 | 4 | |a peroxidové vulkanizačné systémy |2 slo | |
| 650 | 4 | |a sadze |2 slo | |
| 650 | 4 | |a ethylene propylene diene rubber |2 eng | |
| 650 | 4 | |a isobutylene isoprene rubber |2 eng | |
| 650 | 4 | |a vulcanization |2 eng | |
| 650 | 4 | |a sulphur curing system |2 eng | |
| 650 | 4 | |a peroxide curing system |2 eng | |
| 650 | 4 | |a carbon black |2 eng | |
| 700 | 1 | |a Kruželák, Ján |u 049370 |k Z1 |4 ths |U FCHPT Ústav prírodných a syntetických polymérov |T FCHPT Oddelenie plastov, kaučuku a vlákien |X 25508 |U C9370 |Y 128 |7 A000025508 | |
| 856 | 4 | |u http://is.stuba.sk/zp/portal_zp.pl?podrobnosti=157634 | |